The Great Ladies in Buddha's Life/ (Record no. 210951)

MARC details
000 -LEADER
fixed length control field 00616nam a22001937a 4500
005 - DATE AND TIME OF LATEST TRANSACTION
control field 20250415125229.0
010 ## - LCCN (DPL NO)
LC control number ENG-144623
020 ## - INTERNATIONAL STANDARD BOOK NUMBER
Terms of availability 100.00
International Standard Book Number 9789380336411
035 ## - SYSTEM CONTROL NUMBER
System control number EN-128155
037 ## - SOURCE OF ACQUISITION
Source of stock number/acquisition DBAD
082 ## - DEWEY DECIMAL CLASSIFICATION NUMBER
Classification number 250.33
100 ## - MAIN ENTRY--PERSONAL NAME
Personal name Barua, Manmatha Kumar
245 ## - TITLE STATEMENT
Title The Great Ladies in Buddha's Life/
Remainder of title
Statement of responsibility, etc Manmatha Kumar Barua
260 ## - PUBLICATION, DISTRIBUTION, ETC. (IMPRINT)
Place of publication, distribution, etc Kolkata
Name of publisher, distributor, etc Maha Bodhi Book Agency
Date of publication, distribution, etc 2012
270 ## - ADDRESS
Address 4A, Bankim Chtterjee Street
City Kolkata
Postal code 700073
Telephone number 2241-9363, 9831077368
Electronic mail address www.mahabodhibooks.com
300 ## - PHYSICAL DESCRIPTION
Extent 96p.
Dimensions 22cm(Hb)
760 ## - MAIN SERIES ENTRY
Edition 1
942 ## - ADDED ENTRY ELEMENTS (KOHA)
Source of classification or shelving scheme Dewey Decimal Classification
Item type English Books
Classification part 250.33
Call number suffix BAR
Edition 1
Holdings
Withdrawn status Lost status Not for loan Home library Current library Date acquired Source of acquisition Cost, normal purchase price Full call number Barcode Copy number Cost, replacement price Koha item type
    Not For Loan D.B.Act.Division D.B.Act.Division 15/04/2025 DBAD 100.00 250.33 BAR EN-128155 1 100.00 English Books

© Delhi Public Library
Hit Counter
free hit counter